01375cam a22003013a 4500001000500000005001700005020001700022040002300039050001400062082001100076100001900087245003100106250004400137260003400181300004000215490002200255500002600277505000800303520046000311521002000771521002100791655003000812655003000842906004500872942001500917999001500932952012600947270520240110135213.0 a078073004508 aOCOcOCOdDLCbeng00aPZ7.G6578 a813.541 aKorman, Gordon14aThe climb /cGordon Korman aThis edition first printing, March 2012 aNew York :bScholastic,c2002 a151 pages :c20 cmbIllustrations ;0 aEverest ;vBook 2 a"An Apple paperback." aR  aA thrilling adventure trilogy from Gordon Korman about a number of kids competing to be the youngest person to ever reach the top of Mt. Everest The youngest expedition ever to attempt an Everest climb has begun. But the trouble starts long before they reach the summit. Competition is fierce. Conditions are harsh. And the trek from Base Camp proves a challenge that not all the contestants can meet...with disastrous results. And then the storm hits.... a770 bLexile  aR bRaz-Plus  7aChildren's stories.2lcsh 7aAdventure fiction.2gsafd a7bcbcccopycatd2encipf20gy-genrareb 2ddccBKn0 c2705d2705 00102ddc40708FICa001b001cTTPd2024-01-10l0oKOR 813.54 PZ7.G6578pFISSE00525r2025-04-23 11:04:46w2024-01-10yBK